Catalog

Record Details

Catalog Search



The Emperor's revenge  Cover Image Book Book

The Emperor's revenge / Clive Cussler and Boyd Morrison.

Summary:

Juan Cabrillo and the crew of the Oregon face their toughest challenge yet when a violent bank heist during the Monaco Grand Prix decimates the Corporation's accounts. To get the money back, Juan joins forces with an old friend from his days in the CIA so they can track down a rogue hacker and a ruthless former Ukrainian naval officer. It is only after the hunt begins that the enormity of the plan comes into focus: the bank theft is just the first step in a plot that will result in the deaths of millions and bring the world's economies to a standstill. The catalyst for the scheme? A stunning document stolen during Napoleon's disastrous invasion of Russia. But two hundred years

Record details

  • ISBN: 9780399175961
  • ISBN: 0399175962
  • ISBN: 9780399574818
  • ISBN: 0399574816
  • Physical Description: 451 pages ; 24 cm.
  • Publisher: New York : G. P. Putnam's Sons, ©2016.
Subject: Napoleon I, Emperor of the French, 1769-1821 > Invasion of Russia, 1812 > Fiction.
Cabrillo, Juan (Fictitious character) > Fiction.
Hackers > Fiction.
Financial crises > Fiction.
Genre: Thrillers (Fiction)
Action and adventure fiction.

Available copies

  • 1 of 1 copy available at scottsboropl.

Holds

  • 0 current holds with 1 total copy.
Show Only Available Copies
Location Call Number / Copy Notes Barcode Shelving Location Status Due Date
scottsboropl F Cus 32269000985658 Storage - Adult Available -

LDR 03167cam a2200433 a 4500
001141556
003SBPL
00520220811212559.0
008160307s2016 nyu 000 1 eng
010 . ‡a 2016007260
020 . ‡a9780399175961 ‡q(hardback)
020 . ‡a0399175962 ‡q(hardback)
020 . ‡a9780399574818 ‡q(international)
020 . ‡a0399574816 ‡q(international)
035 . ‡a(CONS)141556
035 . ‡a(CPomAG)LMN595038
042 . ‡apcc
05000. ‡aPS3553.U75 ‡bE47 2016
08200. ‡a813/.54 ‡223
1001 . ‡aCussler, Clive, ‡d1931-2020, ‡eauthor.
24514. ‡aThe Emperor's revenge / ‡cClive Cussler and Boyd Morrison.
264 1. ‡aNew York : ‡bG. P. Putnam's Sons, ‡c©2016.
300 . ‡a451 pages ; ‡c24 cm.
336 . ‡atext ‡btxt ‡2rdacontent
337 . ‡aunmediated ‡bn ‡2rdamedia
338 . ‡avolume ‡bnc ‡2rdacarrier
4901 . ‡aOregon Files ; ‡v11.
520 . ‡aJuan Cabrillo and the crew of the Oregon face their toughest challenge yet when a violent bank heist during the Monaco Grand Prix decimates the Corporation's accounts. To get the money back, Juan joins forces with an old friend from his days in the CIA so they can track down a rogue hacker and a ruthless former Ukrainian naval officer. It is only after the hunt begins that the enormity of the plan comes into focus: the bank theft is just the first step in a plot that will result in the deaths of millions and bring the world's economies to a standstill. The catalyst for the scheme? A stunning document stolen during Napoleon's disastrous invasion of Russia. But two hundred years
60000. ‡aNapoleon ‡bI, ‡cEmperor of the French, ‡d1769-1821 ‡xInvasion of Russia, 1812 ‡vFiction.
650 0. ‡aCabrillo, Juan (Fictitious character) ‡vFiction.
650 0. ‡aHackers ‡vFiction.
650 0. ‡aFinancial crises ‡vFiction.
655 7. ‡aThrillers (Fiction) ‡2lcgft
655 7. ‡aAction and adventure fiction. ‡2lcgft
7001 . ‡aMorrison, Boyd, ‡d1967- ‡eauthor.
8001 . ‡aCussler, Clive. ‡tOregon files ; ‡v11.
901 . ‡a141556 ‡bUnknown ‡c141556 ‡tbiblio

Additional Resources